00180nam a22000857a 4500040000800000082001800008100001100026245004500037260001200082 cDLC a891.4391bAQE aGhalib aIntikhaab Qalam Khwaja MircMir Taqi Mir a?b?c?